UBT Library

Current Therapy of Communication Disorders. Dysarthria and Apraxia (Record no. 54532)

000 -LEADER
fixed length control field 00334nam a22001337a 4500
008 - FIXED-LENGTH DATA ELEMENTS--GENERAL INFORMATION
fixed length control field 190305b xxu||||| |||| 00| 0 eng d
020 ## - INTERNATIONAL STANDARD BOOK NUMBER
International Standard Book Number 0865770867
041 ## - LANGUAGE CODE
Language code of text/sound track or separate title eng
080 ## - UNIVERSAL DECIMAL CLASSIFICATION NUMBER
Universal Decimal Classification number 616
100 ## - Rafti
Rafti 9
101 ## - Shkurtesa
Shkurtesa PAT
245 ## - TITLE STATEMENT
Title Current Therapy of Communication Disorders. Dysarthria and Apraxia
Statement of responsibility, etc Perkins, W.H
942 ## - ADDED ENTRY ELEMENTS (KOHA)
Source of classification or shelving scheme
Item type Books
Holdings
Withdrawn status Lost status Source of classification or shelving scheme Damaged status Not for loan Collection code Permanent location Current location Shelving location Date acquired Total Checkouts Full call number Barcode Date last seen Price effective from Koha item type
          Koleksioni i përgjithshem UBT - Lipjan UBT - Lipjan Koleksioni i përgjithshem 03/05/2019   616 PER 002-3022910 03/05/2019 03/05/2019 Books
UBT Library © 2015-2024. All rights reserved University Education for Business and Technology